[Event "Bergisch Gladbach-ch"]
[Site "Bergisch Gladbach"]
[Date "2007.09.07"]
[Round "3"]
[White "Preiss, Wolfgang"]
[Black "Beckschwarte, Guenter"]
[Result "1-0"]
[WhiteElo "1706"]
[BlackElo "1898"]
[PlyCount "75"]
[EventDate "2007.08.24"]
[EventType "swiss"]
[EventRounds "7"]
[EventCountry "GER"]
[SourceTitle "EXT 2011"]
[Source "ChessBase"]
[SourceDate "2010.11.26"]
[SourceVersion "1"]
[SourceVersionDate "2010.11.26"]
[SourceQuality "1"]

1. e4 e5 2. Nf3 Nc6 3. d4 exd4 4. Nxd4 Bc5 5. Be3 Qf6 6. c3 Nge7 7. Bc4 d6 8. 0-0 0-0 9. Nxc6 Nxc6 10. Bxc5 dxc5 11. f4 Rd8 12. Qe2 Be6 13. Nd2 Rxd2 14. Qxd2 Bxc4 15. Rf3 Rd8 16. Qe1 Rd3 17. Rf2 Qd8 18. b3 Bb5 19. e5 Ne7 20. e6 fxe6 21. Qxe6+ Kh8 22. Re2 Rd1+ 23. Rxd1 Qxd1+ 24. Re1 Qd2 25. Qxe7 h6 26. Qe3 Qxa2 27. c4 Bc6 28. Re2 Qa1+ 29. Kf2 Qf6 30. Rd2 Qh4+ 31. Kg1 Qf6 32. Qe5 Qg6 33. h3 Qb1+ 34. Kh2 Qg6 35. Qxc5 h5 36. Qg5 Qxg5 37. fxg5 a5 38. g6 1-0

[Event "Bergisch Gladbach-ch"]
[Site "Bergisch Gladbach"]
[Date "2006.09.29"]
[Round "6"]
[White "Beckschwarte, Guenter"]
[Black "Bosbach, Manfred"]
[Result "0-1"]
[WhiteElo "1879"]
[BlackElo "1796"]
[PlyCount "100"]
[EventDate "2006.08.25"]
[EventType "swiss"]
[EventRounds "7"]
[EventCountry "GER"]
[SourceTitle "EXT 2008"]
[Source "ChessBase"]
[SourceDate "2007.11.25"]
[SourceVersion "1"]
[SourceVersionDate "2007.11.25"]
[SourceQuality "1"]

1. e4 c6 2. d4 d5 3. Nc3 dxe4 4. Nxe4 Bf5 5. Ng3 Bg6 6. h4 h6 7. h5 Bh7 8. Nf3 Nd7 9. Bd3 Bxd3 10. Qxd3 e6 11. Bd2 Ngf6 12. 0-0-0 Bd6 13. Rde1 Bxg3 14. fxg3 0-0 15. Rh4 Qc7 16. g4 Rfe8 17. g5 hxg5 18. Nxg5 Nf8 19. Rf1 Rad8 20. Rxf6 gxf6 21. Ne4 Qe7 22. Rg4+ Kh8 23. Qe3 Nh7 24. Qh6 Qf8 25. Qxf8+ Rxf8 26. Rf4 f5 27. Nc5 b6 28. Nd3 f6 29. g4 fxg4 30. Rxg4 Rg8 31. Re4 Rg1+ 32. Ne1 Re8 33. c4 Ng5 34. Rf4 f5 35. Kc2 Ne4 36. Nf3 Rg4 37. Ne5 Rg2 38. Ng6+ Kg7 39. Rxe4 fxe4 40. Kc3 Rg3+ 41. Kc2 e3 42. Be1 Rh3 43. Kd3 Rxh5 44. Nf4 Rh1 45. Bg3 e5 46. dxe5 Rxe5 47. Kd4 Re8 48. Ne2 Rd1+ 49. Kc3 Kf6 50. Nd4 e2 0-1

[Event "Bergisch Gladbach-ch"]
[Site "Bergisch Gladbach"]
[Date "2006.09.22"]
[Round "5"]
[White "Kals, Leo"]
[Black "Beckschwarte, Guenter"]
[Result "1-0"]
[WhiteElo "1754"]
[BlackElo "1879"]
[PlyCount "65"]
[EventDate "2006.08.25"]
[EventType "swiss"]
[EventRounds "7"]
[EventCountry "GER"]
[SourceTitle "EXT 2008"]
[Source "ChessBase"]
[SourceDate "2007.11.25"]
[SourceVersion "1"]
[SourceVersionDate "2007.11.25"]
[SourceQuality "1"]

1. d4 Nf6 2. c4 e6 3. Nc3 d5 4. Nf3 c5 5. Bg5 Nc6 6. cxd5 exd5 7. dxc5 d4 8. Ne4 Bf5 9. Bxf6 gxf6 10. Ng3 Qa5+ 11. Qd2 Qxc5 12. Rc1 Qd5 13. a3 h5 14. Nxf5 Qxf5 15. e4 dxe3 16. Qxe3+ Be7 17. Bd3 Qg4 18. g3 0-0-0 19. Rc4 Qd7 20. Nd4 Kb8 21. Nxc6+ bxc6 22. Be2 Rhe8 23. Qb3+ Kc7 24. 0-0 c5 25. Bf3 Rb8 26. Qc2 Bd6 27. Rd1 Re5 28. Rcd4 Qf5 29. Rxd6 Qxc2 30. Rc6+ Kb7 31. Rxc5+ Qe4 32. Bxe4+ Rxe4 33. Rb5+ 1-0

[Event "Bergisch Gladbach-ch"]
[Site "Bergisch Gladbach"]
[Date "2006.09.15"]
[Round "4"]
[White "Beckschwarte, Guenter"]
[Black "Kamphausen, Johannes Dieter"]
[Result "1-0"]
[WhiteElo "1879"]
[BlackElo "1808"]
[PlyCount "123"]
[EventDate "2006.08.25"]
[EventType "swiss"]
[EventRounds "7"]
[EventCountry "GER"]
[SourceTitle "EXT 2008"]
[Source "ChessBase"]
[SourceDate "2007.11.25"]
[SourceVersion "1"]
[SourceVersionDate "2007.11.25"]
[SourceQuality "1"]

1. e4 c5 2. Nc3 Nc6 3. f4 g6 4. Nf3 Bg7 5. Bc4 d6 6. 0-0 Nf6 7. h3 0-0 8. a3 Nd4 9. d3 e6 10. Be3 d5 11. Ba2 Nxf3+ 12. Qxf3 d4 13. e5 Ne8 14. Bf2 dxc3 15. Bxc5 cxb2 16. Rab1 Nc7 17. c4 Re8 18. d4 Bf8 19. Bxf8 Rxf8 20. d5 Na6 21. Rxb2 Nc5 22. g4 Qh4 23. Rg2 Bd7 24. f5 exf5 25. Qe3 b6 26. gxf5 Qe4 27. Qc3 Qd3 28. Qxd3 Nxd3 29. e6 fxe6 30. fxe6 Rxf1+ 31. Kxf1 Rf8+ 32. Kg1 Ba4 33. e7 Rf6 34. d6 Nc5 35. Rd2 Bd7 36. a4 Kf7 37. a5 Ke8 38. axb6 axb6 39. Bb1 Bf5 40. Bxf5 Rxf5 41. Ra2 Re5 42. Ra8+ Kd7 43. Rd8+ Kc6 44. e8Q+ Rxe8 45. Rxe8 Kxd6 46. Rh8 Ne6 47. Rxh7 Kc5 48. Rb7 Nf4 49. Kh2 Nd3 50. Kg3 Ne5 51. Rc7+ Kb4 52. Re7 Nxc4 53. Re6 b5 54. Rxg6 Kc3 55. Kf4 b4 56. h4 b3 57. h5 b2 58. Rg1 Nd6 59. h6 Nf7 60. h7 Kc2 61. Kf5 Nh6+ 62. Kg6 1-0

[Event "Bergisch Gladbach-ch"]
[Site "Bergisch Gladbach"]
[Date "2006.09.01"]
[Round "2"]
[White "Beckschwarte, Guenter"]
[Black "Bosbach, Volker"]
[Result "1-0"]
[WhiteElo "1879"]
[BlackElo "1728"]
[PlyCount "101"]
[EventDate "2006.08.25"]
[EventType "swiss"]
[EventRounds "7"]
[EventCountry "GER"]
[SourceTitle "EXT 2008"]
[Source "ChessBase"]
[SourceDate "2007.11.25"]
[SourceVersion "1"]
[SourceVersionDate "2007.11.25"]
[SourceQuality "1"]

1. e4 c5 2. Nc3 d6 3. Bb5+ Bd7 4. a4 Nf6 5. f4 Qc7 6. Nf3 Bc6 7. 0-0 a6 8. Bxc6+ Nxc6 9. d4 cxd4 10. Nd5 Nxd5 11. exd5 Nb4 12. Nxd4 Nxd5 13. Qf3 e6 14. f5 e5 15. Qxd5 exd4 16. Bg5 f6 17. Rae1+ Be7 18. Bh4 0-0-0 19. b4 Kb8 20. Bf2 Rd7 21. Bxd4 Qc6 22. Qf7 Bd8 23. Qb3 Bb6 24. Bxb6 Qxb6+ 25. Kh1 Qc7 26. a5 Rc8 27. Rc1 d5 28. b5 Qc4 29. Qg3+ Qc7 30. Qb3 Qxa5 31. bxa6 Qxa6 32. Ra1 Qc6 33. Ra2 Kc7 34. Rfa1 Kd8 35. Qh3 h6 36. Qg3 Re7 37. h3 Qc7 38. Qf3 Qc4 39. Ra4 Qc6 40. Rd4 Rd7 41. Rad1 Rcc7 42. Qe3 Rd6 43. c4 Rcd7 44. Qa3 b6 45. cxd5 Qc5 46. Qa8+ Qc8 47. Qa4 Qc5 48. Rc4 Qa5 49. Qc2 Rxd5 50. Rc8+ Ke7 51. Qe4+ 1-0

[Event "Bergisch Gladbach-ch 26th"]
[Site "Bergisch Gladbach"]
[Date "2004.10.15"]
[Round "7"]
[White "Raupach, Gregor"]
[Black "Beckschwarte, Guenter"]
[Result "0-1"]
[WhiteElo "1959"]
[BlackElo "1878"]
[PlyCount "62"]
[EventDate "2004.09.??"]
[EventType "swiss"]
[EventRounds "7"]
[EventCountry "GER"]
[SourceTitle "EXT 2005"]
[Source "ChessBase"]
[SourceDate "2004.11.15"]
[SourceVersion "1"]
[SourceVersionDate "2004.11.15"]
[SourceQuality "1"]

1. d4 d5 2. Bf4 Nf6 3. Nd2 Bf5 4. h3 e6 5. g4 Bg6 6. Bg2 Bd6 7. Be5 Bxe5 8. dxe5 Ne4 9. Ngf3 c5 10. h4 h6 11. h5 Bh7 12. Nh4 Nc6 13. Bxe4 Bxe4 14. Nxe4 dxe4 15. f4 exf3 16. Nxf3 Qa5+ 17. c3 Rd8 18. Qc2 Qc7 19. Qe4 Ke7 20. Qf4 Rd5 21. 0-0 Rf8 22. e4 Rd3 23. g5 hxg5 24. Qxg5+ Ke8 25. Qxg7 Qe7 26. Kg2 f6 27. Qg6+ Qf7 28. exf6 Rg8 29. Nh4 Ne5 30. Qxg8+ Qxg8+ 31. Ng6 Kf7 0-1

[Event "Bergisch Gladbach-ch 24th"]
[Site "Bergisch Gladbach"]
[Date "2002.09.20"]
[Round "4"]
[White "Beckschwarte, Guenter"]
[Black "Ommer, Hans"]
[Result "1-0"]
[WhiteElo "1820"]
[BlackElo "1364"]
[PlyCount "77"]
[EventDate "2002.08.??"]
[EventType "swiss"]
[EventRounds "7"]
[EventCountry "GER"]
[SourceTitle "EXT 2005"]
[Source "ChessBase"]
[SourceDate "2004.11.15"]
[SourceVersion "1"]
[SourceVersionDate "2004.11.15"]
[SourceQuality "1"]

1. d4 d5 2. Nf3 e6 3. c4 Bb4+ 4. Nc3 Bxc3+ 5. bxc3 Ne7 6. e3 Bd7 7. Qb3 b6 8. cxd5 Nxd5 9. Ne5 0-0 10. e4 Ne7 11. Ba3 Nbc6 12. Nxd7 Qxd7 13. Bb5 Rfd8 14. Bxe7 Nxd4 15. Bxd7 Nxb3 16. Bxd8 Nxa1 17. Bxc7 Nc2+ 18. Kd2 a5 19. Kxc2 Ra7 20. Bxb6 Rxd7 21. Rd1 Rxd1 22. Kxd1 a4 23. c4 Kf8 24. Kc2 Ke7 25. Kc3 Kd6 26. c5+ Kc6 27. Kb4 g6 28. Kxa4 f5 29. exf5 gxf5 30. Kb4 e5 31. Kc4 h5 32. f3 h4 33. h3 f4 34. a4 Kb7 35. Kd5 e4 36. Kxe4 Kc6 37. Kxf4 Kd5 38. a5 Kc6 39. a6 1-0

[Event "Bergisch Gladbach-ch 24th"]
[Site "Bergisch Gladbach"]
[Date "2002.09.03"]
[Round "1"]
[White "Zimmermann, Ruth"]
[Black "Beckschwarte, Guenter"]
[Result "0-1"]
[WhiteElo "1461"]
[BlackElo "1820"]
[PlyCount "38"]
[EventDate "2002.08.??"]
[EventType "swiss"]
[EventRounds "7"]
[EventCountry "GER"]
[SourceTitle "EXT 2005"]
[Source "ChessBase"]
[SourceDate "2004.11.15"]
[SourceVersion "1"]
[SourceVersionDate "2004.11.15"]
[SourceQuality "1"]

1. d4 d5 2. Nf3 Nf6 3. c4 e6 4. Nc3 c5 5. Bg5 cxd4 6. Nxd4 Bc5 7. e3 Nc6 8. cxd5 Bxd4 9. exd4 exd5 10. Bxf6 gxf6 11. Bb5 Be6 12. 0-0 Qd6 13. Qf3 Rg8 14. Qxf6 Rxg2+ 15. Kxg2 Bh3+ 16. Kxh3 Qxf6 17. Rae1+ Kd7 18. Kg2 Rg8+ 19. Kh1 Qf3# 0-1

[Event "Bergisch Gladbach-ch 22nd"]
[Site "Bergisch Gladbach"]
[Date "2000.09.22"]
[Round "7"]
[White "Selbach, Johannes"]
[Black "Beckschwarte, Guenter"]
[Result "0-1"]
[WhiteElo "1597"]
[BlackElo "1684"]
[PlyCount "60"]
[EventDate "2000.08.??"]
[EventType "swiss"]
[EventRounds "7"]
[EventCountry "GER"]
[SourceTitle "EXT 2005"]
[Source "ChessBase"]
[SourceDate "2004.11.15"]
[SourceVersion "1"]
[SourceVersionDate "2004.11.15"]
[SourceQuality "1"]

1. d4 g6 2. c4 Bg7 3. Nc3 c5 4. e3 cxd4 5. exd4 Nf6 6. Nf3 d5 7. Be2 dxc4 8. Bxc4 0-0 9. 0-0 Bg4 10. Be3 Nc6 11. Be2 Nd5 12. Qb3 Nxe3 13. fxe3 Bh6 14. Ne4 Qb6 15. Qxb6 Bxe3+ 16. Kh1 axb6 17. a3 Bxf3 18. Bxf3 Bxd4 19. Rab1 h6 20. Rfd1 Rfd8 21. Nd2 Bg7 22. Kg1 Rd4 23. Kf1 Rad8 24. Ke2 f5 25. Rbc1 R8d6 26. Ke1 Bf6 27. g3 Ne5 28. Be2 Nd3+ 29. Bxd3 Rxd3 30. Rc2 Bg5 0-1

[Event "Bergisch Gladbach-ch 22nd"]
[Site "Bergisch Gladbach"]
[Date "2000.09.01"]
[Round "4"]
[White "Beckschwarte, Guenter"]
[Black "Bosbach, Manfred"]
[Result "1-0"]
[WhiteElo "1684"]
[BlackElo "1882"]
[PlyCount "73"]
[EventDate "2000.08.??"]
[EventType "swiss"]
[EventRounds "7"]
[EventCountry "GER"]
[SourceTitle "EXT 2005"]
[Source "ChessBase"]
[SourceDate "2004.11.15"]
[SourceVersion "1"]
[SourceVersionDate "2004.11.15"]
[SourceQuality "1"]

1. c4 Nf6 2. Nc3 e6 3. e4 d5 4. e5 Nfd7 5. cxd5 exd5 6. d4 Bb4 7. Qg4 Nxe5 8. Qxg7 Ng6 9. Qh6 c6 10. Bd3 Be6 11. Bg5 Be7 12. Bxe7 Qxe7 13. 0-0-0 Nd7 14. Re1 0-0-0 15. f4 Qf6 16. f5 Bxf5 17. Rf1 Bxd3 18. Rxf6 Nxf6 19. Qh3+ Kc7 20. Qxd3 Rde8 21. Nf3 Ne4 22. Nd2 f5 23. g4 Nxc3 24. bxc3 f4 25. Kc2 Rhf8 26. Nf3 Re3 27. Qd1 Rfe8 28. Re1 R3e4 29. h4 Rxe1 30. Nxe1 Nxh4 31. Qd3 Re7 32. Qh3 Rxe1 33. Qxh4 Re2+ 34. Kd3 Re3+ 35. Kd2 Re4 36. Qxh7+ Kc8 37. Qg8+ 1-0